| 000 | 00662nam a22002177a 4500 | ||
|---|---|---|---|
| 005 | 20240814175151.0 | ||
| 008 | s1997 eng d | ||
| 041 | _aeng | ||
| 245 | 1 | 0 | _aThe Asia Pacific legal 500 : the guide to Asia's commercial law firms |
| 260 | 3 |
_aLondon : _bLegalease, _c1997 |
|
| 300 |
_a629 p. ; _b 27 cm. |
||
| 650 | 0 | 4 | _aCommercial law |
| 650 | 0 | 4 | _aCommercial law -- North America, West Coast |
| 650 | 0 | 4 | _aCommercial law -- Asia |
| 650 | 0 | 4 | _aCommercial law firms -- Asia -- Directories |
| 850 | _aNALT | ||
| 942 | _cLB | ||
| 997 | _c000000000020046 | ||
| 998 |
_aBENJALUCK SUTTHIWILAI _j25 _k นีลวัสน์ อินทรักษา |
||
| 999 |
_c20046 _d20046 |
||
| 090 | _aKS61 A84 1997 | ||